000 00947nam a2200325 a 4500
001 000113802
003 CHAP
005 20220329144413.0
008 170926s2015 mx |r| ||||f|spa d
010 _a110263
011 _a111235
020 _a9786073108065
040 _cCHAP
082 0 4 _a853.91
_bE19
100 0 0 _aEco, Umberto.
_935122
245 1 3 _aEl péndulo de Foucault /
_cpor Umberto Eco.
260 _aMéxico, D.F. :
_bPenguin Random House,
_c2015.
300 _a820 p.
490 _aContemporánea. Debolsillo
534 _pTít. original :
_tIl pendolo di Foucalt
590 _aBATCH-UPD
_b05
_c20170926
_lUCH01
_h1128
590 _aE11695DGD
_b10
_c20170926
_lUCH01
_h1858
590 _aE5765TAJ
_b05
_c20170926
_lUCH01
_h1127
650 1 4 _aLiteratura italiana.
_9133472
650 1 4 _aNovela italina
_ySiglo XX.
_9133471
830 0 _aContemporánea. Debolsillo
_9133470
901 _aBK
942 _cLIBRO
942 _n0
999 _c110263
_d110263